000 00507nam a2200181Ia 4500
005 20250508152551.0
008 008 250505s9999 xx 000 0 eng d
037 _aTextual
040 _aFEDL
_beng
_cFEDL
041 _aeng
_2eng
084 _a822.33, GAR
_qFEDL
100 _aGarrett John Ed.
_9622303
245 0 _aMore talking of Shakespeare
260 _aLondon, UK
_bLongmans, Green and Co.
_c1959
300 _aix,190p
942 _cTEXL
_h822.33, GAR
999 _c1337300
_d1337300